Chirurg

Bibliographic Details
Main Author: Thiéry, Alain (Author)
Other Authors: Gründlerová, Viera, 1938-2018 (Translator), Hladík, Ján, 1959- (Bookjacket designer)
Format: Book
Language:Slovak
French
PhysicalDescription:326 s. 21 cm
Published: Bratislava S Aktuell 1994
ISBN:8085597225
Subjects:

MARC

LEADER 00000cam a2200000 a 4500
001 vtls001075943
003 SK-MaSNL
005 20260302063928.0
008 240606s1994 xo gr 0000f slo
015 |a SNBA1994/08 
020 |a 8085597225 
035 |a SNK000018776 
040 |a SNK  |b slo  |c SNK  |e AACR2 
041 1 |a slo  |h fre 
044 |a xo  |c SK 
072 7 |a 821.133.1-3  |x Francúzska próza, francúzsky písaná  |2 konspekt 
080 |a 840-3  |2 1981 
080 |a 821.133.1-31  |2 2011 
100 1 |a Thiéry, Alain  |4 aut  |9 245567 
240 1 3 |a Le chirurgien  |l Slovensky 
245 1 0 |a Chirurg  |c Alain Thiery ; preklad Viera Gründlerová 
260 |a Bratislava  |b S Aktuell  |c 1994  |e Nitra  |f Nitrianske tlačiarne 
300 |a 326 s.  |c 21 cm 
500 |a Pravdepodobne preložené z francúzštiny 
655 7 |a francúzske romány  |2 SNKPH  |9 70252 
700 1 |a Gründlerová, Viera, 1938-2018  |4 trl  |9 169069 
700 1 |a Hladík, Ján,  |d 1959-  |4 bjd  |4 bkd  |9 245578 
852 |a Slovenská národná knižnica 
919 |a 80-85597-22-5 
954 |a beletria cudzojazyčná (svetová)  |2 lita 
958 |a LX 
958 |a UP 
968 |b FR 
999 |c 1134846  |d 1136776 
952 |t P60, <05>, [BOOK], {605}  |a SNK  |b SNK  |y PREZ  |7 0  |p 17A0082897  |o snkSC 86344 D1  |0 0  |1 0  |4 0  |d 1997-07-17  |l 0  |r 2004-12-31 00:00:00  |w 2026-02-24